000 00843cam a2200265 4500
001 ##D15299
008 090401t1980 xxu||||| |||| 00| 0 eng d
020 _a0854061223
035 _a(Sirsi) u21758
041 0 _aeng
050 0 4 _a692.8 $2 18
090 _aRICS 1980/24ABC
110 2 _aRoyal Institution of Chartered Surveyors
_94900
245 0 0 _aDefinition of prime cost of daywork carried out under a heating, ventilation, air conditioning, refrigeration, pipework and/or domestic engineering contract
250 _a2nd ed.
260 _aLondon
_bRICS
_c1980
300 _a8p.
_c21cm.
350 _a0.60
490 0 _aRICS Guidance Note
651 4 _aUnited Kingdom
_y
690 _aBUILT ENVIRONMENT-BUILDING COSTS
710 2 _aHeating and Ventilating Contractors' Association
_92543
942 _n0
948 _c04/03/1997
999 _c88051
_d88051